| 000 | 00361nam a2200133Ia 4500 | ||
|---|---|---|---|
| 008 | 240624s9999 xx 000 0 und d | ||
| 041 | _aeng | ||
| 082 | _a332.041 GLY | ||
| 100 | _aGLYN ANDREW | ||
| 245 | _aCAPITALISM UNLEASHED FINANCE GLOBALIZATI | ||
| 260 |
_c2006 _aNew Delhi _bOxford University press |
||
| 300 | _axv, : 234 : p. : cm. ; 24 | ||
| 365 |
_cRS _b30 |
||
| 999 |
_c7967 _d7967 |
||